[Event "SVK-ch U16"]
[Site "Tatralandia"]
[Date "2025.05.14"]
[Round "5"]
[White "Kriscak, Simon"]
[Black "Chlupik, Michal"]
[Result "1-0"]
[WhiteElo "1740"]
[BlackElo "1569"]
[PlyCount "67"]
[EventDate "2025.05.11"]
[EventType "swiss"]
[EventRounds "9"]
[EventCountry "SVK"]
[SourceTitle "CB21_2025"]
[SourceDate "2025.05.21"]
[SourceVersion "1"]
[SourceVersionDate "2025.05.21"]
[SourceQuality "1"]

1. c4 e5 2. Nc3 Nf6 3. Nf3 Nc6 4. e3 d5 5. cxd5 Nxd5 6. Bb5 Nxc3 7. bxc3 Bd6 8. d4 Bd7 9. 0-0 e4 10. Nd2 a6 11. Bc4 Qe7 12. f3 exf3 13. Nxf3 0-0-0 14. Rb1 Bf5 15. Bd3 Bxd3 16. Qxd3 h6 17. c4 Qd7 18. Bd2 Rde8 19. Qb3 Nd8 20. c5 Be7 21. a4 f6 22. Rfc1 c6 23. Ba5 g5 24. Qb6 Rh7 25. Qa7 Bd6 26. cxd6 Qxd6 27. Qa8+ Kd7 28. Bxd8 Rxd8 29. Qxb7+ Qc7 30. Qxa6 Kd6 31. Qc4 Re7 32. Qc5+ Kd7 33. d5 Rc8 34. d6 1-0